Trị liệu bàn chân : Chữa bệnh bằng y học cổ truyền
Đã lưu trong:
| Hovedforfatter: | |
|---|---|
| Format: | Bog |
| Sprog: | Undetermined |
| Udgivet: |
Đồng Nai
Tổng hợp Đồng Nai
2004
|
| Fag: | |
| Tags: |
Tilføj Tag
Ingen Tags, Vær først til at tagge denne postø!
|
| Thư viện lưu trữ: | Trung tâm Học liệu Trường Đại học Cần Thơ |
|---|
| LEADER | 00606nam a2200205Ia 4500 | ||
|---|---|---|---|
| 001 | CTU_92486 | ||
| 008 | 210402s9999 xx 000 0 und d | ||
| 020 | |c 46000 | ||
| 082 | |a 615.822 | ||
| 082 | |b T121 | ||
| 100 | |a Hoàng, Duy Tân | ||
| 245 | 0 | |a Trị liệu bàn chân : | |
| 245 | 0 | |b Chữa bệnh bằng y học cổ truyền | |
| 245 | 0 | |c Hoàng Duy Tân | |
| 260 | |a Đồng Nai | ||
| 260 | |b Tổng hợp Đồng Nai | ||
| 260 | |c 2004 | ||
| 650 | |a Mechanotherapy,Physical fitness | ||
| 904 | |i Mai Loan | ||
| 980 | |a Trung tâm Học liệu Trường Đại học Cần Thơ | ||